000
00264nam a22001217a 4500
008
170602b xxu||||| |||| 00| 0 eng d
041
_a
eng
080
_2
2ND
_a
94(7/8)
100
_a
18
101
_a
SHH
245
_a
THE WHITE HOUSE
_c
PEARCE,J.N
942
_2
udc
_c
BK
999
_c
15828
_d
15828